000 00511nam a2200193Ia 4500
005 20140402105416.0
008 140130s9999 xx 000 0 und d
020 _a0439276551
050 _aE 185.97.T8
_b.Ad35 2001
100 _aAdler, David A.
_923317
245 _cDavid A. Adler.
_aA picture book of Sojourner Truth /
260 _bScholastic,
_c2001.
_aUSA :
300 _a30 p. :
_bcol. ill. ;
_c24 cm.
440 _v1
_931174
521 _aG8
526 _c910
942 _cBK
_2lcc
999 _c41273
_d41273